| 000 | 00635nam a2200193Ia 4500 | ||
|---|---|---|---|
| 005 | 20250423101555.0 | ||
| 008 | 250422s9999 xx 000 0 und d | ||
| 020 | _a9780070473676 | ||
| 050 | _aTK 5105.5 .B52/ | ||
| 100 | _aBigelow, Stephen J. | ||
| 245 | 0 | _aTroubleshooting, maintaining and repairing PC’s | |
| 250 | _a5th ed. | ||
| 260 | _aNew York | ||
| 260 | _bMcGraw-Hill | ||
| 260 | _c2002 | ||
| 300 | _a1547 p | ||
| 650 | _a Computer networks--Maintenance and repair. Computer networks--Management. Client/server computing--Maintenance and repair. Routers (Computer networks)--Maintenance and repair. | ||
| 942 | _cBK | ||
| 999 |
_c36667 _d36667 |
||